| 000 | 02227nam a2200205Ia 4500 | ||
|---|---|---|---|
| 003 | OSt | ||
| 005 | 20251204100818.0 | ||
| 008 | 210210b1995 xxu||||| |||| 00| 0 eng d | ||
| 040 | _cAL | ||
| 041 | _akan | ||
| 082 | _a305.895487K SHEB | ||
| 100 |
_aSHETTY (Shiroor Shivarama) _9163589 _dಶೆಟ್ಟಿ (ಶಿರೂರು ಶಿವರಾಮ) |
||
| 245 |
_aBantara Mula _bಬಂಟರ ಮೂಲ |
||
| 260 |
_aMangaluru. _bBantara Yane Nadavara Sangha., _c1995 |
||
| 300 | _a90 | ||
| 520 | _aಬಂಟರು ತುಳುನಾಡಿನ ಒಂದು ವಿಶಿಷ್ಟ ಜನಾಂಗ. ಹಿಂದೆ ಈ ಜಿಲ್ಲೆಯಲ್ಲಿ ಹೆಚ್ಚಿನ ಭೂಮಿ ಒಡೆತನ ಇದ್ದವರು. ಕೃಷಿ ಪ್ರಧಾನ ಕಸುಬಾದರೂ ವ್ಯಾಪಾರ ವಹಿವಾಟುಗಳನ್ನು ಮಾಡಿದವರು. ಧೈರ್ಯಶಾಲಿಗಳೂ ಬಲಿಷ್ಟರೂ ಮತ್ತು ಯೋಧರೂ ಆಗಿ ಮೆರೆದವರು. ಗ್ರಾಮೀಣ ಆಡಳಿತೆಯನ್ನು ಇತ್ತೀಚೆಗಿನವರೆಗೂ ತಮ್ಮ ಹಿಡಿತದಲ್ಲಿ ಇಟ್ಟುಕೊಂಡವರು. ದೈವ ದೇವಸ್ಥಾನಗಳನ್ನು ಕಟ್ಟಿಸಿ, ಅವುಗಳ ಆಡಳಿತ ನಡೆಸಿದವರು. ದಕ್ಷಿಣ ಕನ್ನಡದಲ್ಲಿ ಪ್ರಾಚೀನ ಕಾಲದಲ್ಲಿ ಎಲ್ಲಾ ಜನಾಂಗಗಳ ನಾಯಕರಾಗಿದ್ದು ಅವರ ಕಷ್ಟಸುಖಗಳಲ್ಲಿ ಸ್ಪಂದಿಸಿ ಸಾಮಾಜಿಕ ಸ್ವಾಸ್ಥ್ಯ ಕಾಪಾಡಿಕೊಂಡು ಬಂದವರು. ಈ ವಿಶಿಷ್ಟ ಜನಾಂಗದವರು ಯಾರು? ಅವರು ತುಳುನಾಡಿನ ಮೂಲ ಜನಾಂಗಗಳಲ್ಲಿ ಒಂದು ಪಂಗಡದವರೇ ಅಥವಾ ದೇಶದ ಇತರ ಭಾಗಗಳಿಂದ ಪ್ರಾಚೀನಕಾಲದಲ್ಲಿ ವಲಸೆ ಬಂದು ಇಲ್ಲಿ ನೆಲೆಸಿದವರೇ ಎನ್ನುವ ವಿಷಯ ಇನ್ನೂ ಪ್ರಶ್ನೆಯಾಗಿಯೇ ಉಳಿದಿದೆ | ||
| 690 |
_aEthnic Groups _9163590 |
||
| 906 | _a050937 | ||
| 942 |
_2ddc _cBK |
||
| 999 |
_c99277 _d99277 |
||